[Event "Warsaw Maciei Memorial Blitz"]
[Site "Warsaw"]
[Date "2024.07.08"]
[Round "11"]
[White "Rajlich, Iweta"]
[Black "Kowalski, Witold"]
[Result "1-0"]
[WhiteElo "2379"]
[BlackElo "1922"]
[PlyCount "83"]
[EventDate "2024.07.08"]
[EventType "swiss (blitz)"]
[EventRounds "11"]
[EventCountry "POL"]
[SourceTitle "CBM 221 Extra"]
[Source "ChessBase"]
[SourceDate "2024.09.30"]
[SourceVersion "1"]
[SourceVersionDate "2024.09.30"]
[SourceQuality "1"]

1. Nf3 d5 2. g3 Nf6 3. Bg2 c5 4. 0-0 Nc6 5. c4 d4 6. d3 e5 7. e3 Be7 8. exd4 exd4 9. Bg5 0-0 10. a3 h6 11. Bxf6 Bxf6 12. Nbd2 Bf5 13. Ne1 Re8 14. Ne4 Be7 15. Nc2 Qd7 16. Qd2 Bh3 17. Bxh3 Qxh3 18. b4 b6 19. b5 Ne5 20. f4 Ng4 21. f5 Bg5 22. Qg2 Qh5 23. h3 Ne3 24. Nxe3 Bxe3+ 25. Kh2 Re5 26. f6 Rd8 27. fxg7 Kxg7 28. g4 Qg6 29. Rf5 Rde8 30. Raf1 Rxf5 31. gxf5 Qxg2+ 32. Kxg2 Rd8 33. a4 f6 34. a5 Ra8 35. Ra1 Rb8 36. axb6 axb6 37. Ra7+ Kg8 38. Kf3 Bg5 39. Kg4 Kh8 40. h4 Be3 41. Nxf6 Rf8 42. Rh7# 1-0

[Event "Warsaw Maciei Memorial Blitz"]
[Site "Warsaw"]
[Date "2024.07.08"]
[Round "7"]
[White "Rajlich, Iweta"]
[Black "Patil, Harshal"]
[Result "0-1"]
[WhiteElo "2379"]
[BlackElo "2083"]
[PlyCount "48"]
[EventDate "2024.07.08"]
[EventType "swiss (blitz)"]
[EventRounds "11"]
[EventCountry "POL"]
[SourceTitle "CBM 221 Extra"]
[Source "ChessBase"]
[SourceDate "2024.09.30"]
[SourceVersion "1"]
[SourceVersionDate "2024.09.30"]
[SourceQuality "1"]

1. Nf3 Nf6 2. g3 g6 3. Bg2 Bg7 4. 0-0 0-0 5. c4 c5 6. Nc3 d5 7. d3 d4 8. Nb1 Nc6 9. a3 a5 10. e3 e5 11. exd4 exd4 12. Bf4 Bg4 13. h3 Bf5 14. g4 Bc8 15. Nbd2 Re8 16. Re1 Bd7 17. Ng5 Qb6 18. Rxe8+ Rxe8 19. b3 h5 20. Nge4 hxg4 21. Nxf6+ Bxf6 22. hxg4 Be5 23. Qf3 Qc7 24. Bxe5 Nxe5 0-1

[Event "Warsaw Maciei Memorial Blitz"]
[Site "Warsaw"]
[Date "2024.07.08"]
[Round "2"]
[White "Rajlich, Iweta"]
[Black "Zaninotto, Franco"]
[Result "1/2-1/2"]
[WhiteElo "2379"]
[BlackElo "1961"]
[PlyCount "98"]
[EventDate "2024.07.08"]
[EventType "swiss (blitz)"]
[EventRounds "11"]
[EventCountry "POL"]
[SourceTitle "CBM 221 Extra"]
[Source "ChessBase"]
[SourceDate "2024.09.30"]
[SourceVersion "1"]
[SourceVersionDate "2024.09.30"]
[SourceQuality "1"]

1. d4 Nf6 2. g3 d5 3. Bg2 c5 4. Nf3 cxd4 5. 0-0 h6 6. Bf4 Nc6 7. Nxd4 Qb6 8. Nxc6 bxc6 9. b3 g6 10. Nc3 Bg7 11. Na4 Qa5 12. Be5 0-0 13. Rc1 Ba6 14. Qe1 Qxe1 15. Rfxe1 Nd7 16. Bxg7 Kxg7 17. e4 e6 18. exd5 cxd5 19. c4 Bb7 20. cxd5 Bxd5 21. Bxd5 exd5 22. Rc7 Nb6 23. Nc5 Kg8 24. Ree7 d4 25. Ne6 Rfe8 26. Nxd4 Nd5 27. Rxe8+ Rxe8 28. Rxa7 Re1+ 29. Kg2 Ra1 30. Nc6 Nc3 31. a4 Ra3 32. a5 Rxb3 33. a6 Ra3 34. Ra8+ Kg7 35. a7 Nb5 36. Kf1 Ra6 37. h4 h5 38. Ke2 Kf6 39. Rb8 Nxa7 40. Nxa7 Rxa7 41. Rb2 Ra4 42. Kf3 Rc4 43. Rb6+ Kg7 44. Kg2 Ra4 45. Rc6 Rb4 46. Ra6 Rc4 47. Rb6 Rd4 48. Rc6 Ra4 49. Rb6 Rd4 1/2-1/2

[Event "Warsaw op-A"]
[Site "Warsaw"]
[Date "2021.07.21"]
[Round "3"]
[White "Rajlich, Iweta"]
[Black "Laurusas, Tomas"]
[Result "0-1"]
[WhiteElo "2393"]
[BlackElo "2518"]
[PlyCount "98"]
[EventDate "2021.07.19"]
[EventType "swiss"]
[EventRounds "9"]
[EventCountry "POL"]
[SourceTitle "CBM 203 Extra"]
[Source "ChessBase"]
[SourceDate "2021.09.30"]
[SourceVersion "1"]
[SourceVersionDate "2021.09.30"]
[SourceQuality "1"]

1. Nf3 d5 2. c4 d4 3. e3 c5 4. b4 Nf6 5. bxc5 Nc6 6. exd4 Nxd4 7. Bb2 e5 8. Nxd4 exd4 9. Be2 Bxc5 10. 0-0 0-0 11. d3 Re8 12. Nd2 Bf5 13. Nb3 b6 14. Bf3 Rc8 15. Qd2 Qd6 16. Rad1 Bg4 17. Bxg4 Nxg4 18. g3 Ne5 19. Qf4 Qg6 20. Bxd4 Bxd4 21. Nxd4 Nxd3 22. Qf5 Nb2 23. Rc1 Nxc4 24. Qxg6 hxg6 25. Nb5 a6 26. Rxc4 Rxc4 27. Nd6 Ree4 28. h4 Kf8 29. Nxe4 Rxe4 30. Rb1 b5 31. Rb3 Ke7 32. Rd3 Re2 33. Ra3 Re6 34. Kg2 Kd7 35. Rf3 f6 36. Rf4 a5 37. Rg4 f5 38. Rd4+ Rd6 39. Rf4 Rd2 40. a3 Rd3 41. h5 Rxa3 42. hxg6 Ke6 43. Kf1 a4 44. Ke2 Rb3 45. g4 a3 46. gxf5+ Kf6 47. Rd4 a2 48. Rd6+ Kxf5 49. Ra6 Rb2+ 0-1

[Event "Online Olym Div Top-D"]
[Site "Chess.com INT"]
[Date "2020.08.22"]
[Round "4.4"]
[White "Rajlich, Iweta"]
[Black "Vargas, Gabriela"]
[Result "0-1"]
[WhiteElo "2394"]
[BlackElo "2170"]
[PlyCount "100"]
[EventDate "2020.08.21"]
[EventType "team-tourn (rapid)"]
[EventRounds "9"]
[EventCountry "USA"]
[SourceTitle "CBM 198"]
[Source "ChessBase"]
[SourceDate "2020.10.31"]
[SourceVersion "1"]
[SourceVersionDate "2020.10.31"]
[SourceQuality "1"]
[WhiteTeam "Poland"]
[BlackTeam "Paraguay"]
[WhiteTeamCountry "POL"]
[BlackTeamCountry "PAR"]

1. d4 d5 2. Nf3 c6 3. g3 Bg4 4. Bg2 Nd7 5. Nbd2 Ngf6 6. h3 Bh5 7. g4 Bg6 8. Ne5 e6 9. Nxg6 hxg6 10. c4 Bd6 11. Qb3 Qb6 12. c5 Qxb3 13. axb3 Bc7 14. b4 e5 15. dxe5 Nxe5 16. f4 Ned7 17. e3 0-0 18. g5 Nh5 19. Kf2 d4 20. exd4 Nxf4 21. Bf1 a6 22. Nf3 Nd5 23. Bd2 f6 24. h4 fxg5 25. hxg5 Rae8 26. Bd3 Nf4 27. Bc4+ Nd5 28. Rh3 Bf4 29. Bxf4 Rxf4 30. Re1 Rxe1 31. Kxe1 Nf8 32. Bxd5+ cxd5 33. Ke2 Ne6 34. Ke3 Re4+ 35. Kd3 Nf4+ 36. Kc3 Nxh3 37. b5 Re3+ 38. Kb4 Rxf3 39. c6 bxc6 40. bxa6 Nxg5 41. a7 Rf8 42. Kc5 Ne6+ 43. Kxc6 Nxd4+ 44. Kb7 g5 45. a8Q Rxa8 46. Kxa8 g4 47. Kb7 g3 48. Kb6 g2 49. Kc5 g1Q 50. Kxd5 Nc2 0-1

[Event "POL-ch (Women)"]
[Site "Warsaw"]
[Date "2018.05.18"]
[Round "7"]
[White "Rajlich, Iweta"]
[Black "Warakomska, Anna"]
[Result "1-0"]
[WhiteElo "2389"]
[BlackElo "2295"]
[PlyCount "129"]
[EventDate "2018.05.12"]
[EventType "tourn"]
[EventRounds "9"]
[EventCountry "POL"]
[EventCategory "4"]
[SourceTitle "CBM 184 Extra"]
[Source "ChessBase"]
[SourceDate "2018.06.28"]
[SourceVersion "1"]
[SourceVersionDate "2018.06.28"]
[SourceQuality "1"]

1. d4 d5 2. Bg5 Nf6 3. Nd2 c6 4. c3 Bf5 5. f3 Nbd7 6. Qb3 Qb6 7. e3 e6 8. g4 Bg6 9. Bf4 h6 10. Ne2 c5 11. Qxb6 Nxb6 12. Bg3 Bd3 13. Nf4 Bxf1 14. Rxf1 cxd4 15. exd4 Bd6 16. 0-0-0 Ke7 17. b3 Rhc8 18. Kb2 Rc6 19. Nd3 Bxg3 20. hxg3 Nbd7 21. a4 a5 22. Nb1 Ne8 23. Nf4 Nd6 24. Na3 Rac8 25. Rc1 Rb6 26. Rfe1 Kf8 27. Kc2 Nf6 28. Nd3 Nd7 29. Re3 Rc7 30. Nf4 Rc8 31. Rh1 Kg8 32. Rb1 Rbc6 33. Kd2 Nb6 34. Rc1 R6c7 35. Ree1 Nd7 36. Nd3 Kf8 37. Nb5 Nxb5 38. axb5 Ke7 39. Rc2 b6 40. b4 axb4 41. Nxb4 Kd6 42. Ra1 e5 43. Kd3 Rc4 44. Ra7 e4+ 45. fxe4 dxe4+ 46. Kd2 e3+ 47. Kd3 e2 48. Ra1 Nf6 49. Nc6 Ra4 50. Re1 Nd5 51. Rexe2 Ra1 52. Ra2 Rg1 53. Rg2 Rd1+ 54. Rad2 Rc1 55. Rc2 Re1 56. Kd2 Rb1 57. c4 Nf6 58. Re2 Re8 59. Ne5 Kc7 60. Ra2 Kb7 61. Nxf7 Rxe2+ 62. Kxe2 Rg1 63. Kf2 Rc1 64. Re2 Rxc4 65. Nd6+ 1-0

[Event "POL-ch (Women)"]
[Site "Warsaw"]
[Date "2018.05.12"]
[Round "1"]
[White "Sliwicka, Alicja"]
[Black "Rajlich, Iweta"]
[Result "1-0"]
[WhiteElo "2261"]
[BlackElo "2389"]
[PlyCount "111"]
[EventDate "2018.05.12"]
[EventType "tourn"]
[EventRounds "9"]
[EventCountry "POL"]
[EventCategory "4"]
[SourceTitle "CBM 184 Extra"]
[Source "ChessBase"]
[SourceDate "2018.06.28"]
[SourceVersion "1"]
[SourceVersionDate "2018.06.28"]
[SourceQuality "1"]

1. e4 d6 2. d4 Nf6 3. Nc3 e5 4. Nf3 Nbd7 5. Bc4 Be7 6. 0-0 0-0 7. a4 c6 8. Re1 h6 9. Ba2 Re8 10. h3 Qc7 11. Be3 a5 12. dxe5 dxe5 13. Nh4 Nf8 14. Qf3 Be6 15. Nf5 Bxa2 16. Rxa2 Ng6 17. Ne2 Qd7 18. h4 Qe6 19. Raa1 Bf8 20. Rad1 Red8 21. Neg3 Kh7 22. b3 Ne7 23. c4 g6 24. Nxe7 Bxe7 25. h5 Bb4 26. Rf1 Nd7 27. Qe2 Nc5 28. f4 exf4 29. Rxf4 Rxd1+ 30. Qxd1 Nd7 31. Qf1 Kg8 32. Ne2 Bd6 33. Nd4 Qe5 34. Qf3 Rf8 35. Rh4 g5 36. Rh1 Re8 37. Nf5 Bf8 38. Ng3 Nf6 39. Kf2 Nxe4+ 40. Nxe4 Qxe4 41. Qxe4 Rxe4 42. Rd1 f5 43. Rd8 Kf7 44. Rb8 Bb4 45. Rxb7+ Ke6 46. Rh7 f4 47. Bb6 Kf5 48. Rxh6 c5 49. Rd6 Be1+ 50. Kf1 Bh4 51. Bxa5 Re3 52. h6 Re7 53. Bc3 g4 54. Rd1 Kg6 55. Be1 Bf6 56. Rd6 1-0

[Event "POL-ch (Women)"]
[Site "Warsaw"]
[Date "2017.03.29"]
[Round "9"]
[White "Kulon, Klaudia"]
[Black "Rajlich, Iweta"]
[Result "1-0"]
[WhiteElo "2371"]
[BlackElo "2389"]
[PlyCount "73"]
[EventDate "2017.03.21"]
[EventType "tourn"]
[EventRounds "9"]
[EventCountry "POL"]
[EventCategory "4"]
[SourceTitle "CBM 177 Extra"]
[Source "ChessBase"]
[SourceDate "2017.04.27"]
[SourceVersion "1"]
[SourceVersionDate "2017.04.27"]
[SourceQuality "1"]

1. c4 g6 2. g3 Nf6 3. Bg2 d5 4. cxd5 Nxd5 5. Nc3 Nxc3 6. bxc3 Nd7 7. Rb1 Bg7 8. Nh3 Nb6 9. 0-0 Bf5 10. d3 Bxc3 11. Ng5 0-0 12. Bxb7 Rb8 13. Bg2 Bg7 14. Be3 Qd7 15. Qc2 Rfc8 16. Bc5 c6 17. a4 h6 18. Nf3 Bg4 19. d4 Be6 20. e4 Nc4 21. Rfd1 Rxb1 22. Rxb1 Qc7 23. Bf1 Na5 24. Qc3 Nb7 25. Bxa7 Ra8 26. Bb6 Qc8 27. a5 c5 28. a6 Nd6 29. Qxc5 Nxe4 30. Qxc8+ Bxc8 31. a7 Nc3 32. Rb3 Na4 33. Bc5 Nxc5 34. Rb8 Rxa7 35. Rxc8+ Bf8 36. dxc5 Kg7 37. c6 1-0

[Event "POL-ch (Women)"]
[Site "Warsaw"]
[Date "2017.03.26"]
[Round "6"]
[White "Rajlich, Iweta"]
[Black "Zawadzka, Jolanta"]
[Result "1-0"]
[WhiteElo "2389"]
[BlackElo "2443"]
[PlyCount "89"]
[EventDate "2017.03.21"]
[EventType "tourn"]
[EventRounds "9"]
[EventCountry "POL"]
[EventCategory "4"]
[SourceTitle "CBM 177 Extra"]
[Source "ChessBase"]
[SourceDate "2017.04.27"]
[SourceVersion "1"]
[SourceVersionDate "2017.04.27"]
[SourceQuality "1"]

1. Nf3 d5 2. e3 Nf6 3. b3 Bg4 4. Bb2 Nbd7 5. Be2 c6 6. d3 Qc7 7. c4 e5 8. cxd5 Bb4+ 9. Nbd2 Nxd5 10. a3 Bc3 11. Qc2 Bxb2 12. Qxb2 0-0 13. 0-0 Rfe8 14. h3 Bh5 15. Ne4 Rad8 16. Rac1 N7f6 17. Nxf6+ Nxf6 18. Rfd1 Rd5 19. b4 Qe7 20. d4 exd4 21. Rxd4 Red8 22. Rxd5 Rxd5 23. b5 c5 24. b6 axb6 25. Qxb6 h6 26. g4 Bg6 27. Bc4 Rd7 28. Qb2 Ne4 29. Kg2 Kh7 30. Qe5 f6 31. Qxe7 Rxe7 32. Nh4 f5 33. Bd3 c4 34. Nxg6 Kxg6 35. Rxc4 Nd6 36. Rd4 Re6 37. gxf5+ Nxf5 38. Rf4 Re5 39. Rxf5 Rxf5 40. f4 Kf6 41. Bxf5 Kxf5 42. Kf3 g6 43. e4+ Ke6 44. Kg4 Kf6 45. h4 1-0

[Event "POL-ch (Women)"]
[Site "Poznan"]
[Date "2016.04.04"]
[Round "6"]
[White "Rajlich, Iweta"]
[Black "Socko, Monika"]
[Result "1-0"]
[WhiteElo "2389"]
[BlackElo "2461"]
[PlyCount "101"]
[EventDate "2016.03.30"]
[EventType "tourn"]
[EventRounds "9"]
[EventCountry "POL"]
[EventCategory "4"]
[SourceTitle "CBM 171 Extra"]
[Source "ChessBase"]
[SourceDate "2016.04.26"]
[SourceVersion "1"]
[SourceVersionDate "2016.04.26"]
[SourceQuality "1"]

1. d4 Nf6 2. Nf3 d5 3. g3 Bg4 4. Ne5 Bf5 5. f3 h6 6. Bg2 e6 7. 0-0 Be7 8. e4 Bh7 9. Nc3 0-0 10. exd5 exd5 11. f4 c5 12. Be3 cxd4 13. Bxd4 Nc6 14. Nxc6 bxc6 15. f5 Rb8 16. Rb1 Qd7 17. Qd3 Rb4 18. Ne2 Rfb8 19. b3 Rd8 20. c3 Rbb8 21. Rbd1 a5 22. h3 a4 23. b4 c5 24. bxc5 Rb2 25. c4 dxc4 26. Qxc4 Qb5 27. Qxb5 Rxb5 28. g4 g6 29. Nc3 Rxd4 30. Rxd4 Rxc5 31. Nd5 Nxd5 32. Rxd5 gxf5 33. gxf5 Kg7 34. Rxc5 Bxc5+ 35. Kh1 Kf6 36. Bb7 Ke5 37. Bc8 h5 38. Kg2 a3 39. Kg3 Be7 40. Re1+ Kd6 41. Kf4 Bf6 42. Rd1+ Ke7 43. Rd7+ Kf8 44. Ra7 Be7 45. Ke5 Bc5 46. Rb7 Kg7 47. f6+ Kg8 48. Rb8 Bg6 49. Bf5+ Kh7 50. Bxg6+ fxg6 51. Kd5 1-0

[Event "POL-ch (Women)"]
[Site "Poznan"]
[Date "2016.04.03"]
[Round "5"]
[White "Rajlich, Iweta"]
[Black "Kiolbasa, Oliwia"]
[Result "1/2-1/2"]
[WhiteElo "2389"]
[BlackElo "2348"]
[PlyCount "80"]
[EventDate "2016.03.30"]
[EventType "tourn"]
[EventRounds "9"]
[EventCountry "POL"]
[EventCategory "4"]
[SourceTitle "CBM 171 Extra"]
[Source "ChessBase"]
[SourceDate "2016.04.26"]
[SourceVersion "1"]
[SourceVersionDate "2016.04.26"]
[SourceQuality "1"]

1. d4 Nf6 2. Nf3 d5 3. g3 c6 4. Bg2 Bf5 5. 0-0 e6 6. c4 h6 7. Nc3 Nbd7 8. b3 Be7 9. Bb2 0-0 10. Nd2 a5 11. Re1 Qb6 12. c5 Qc7 13. Rc1 Rfd8 14. Na4 Ne4 15. f3 Nxd2 16. Qxd2 Bg6 17. Qf4 e5 18. dxe5 b5 19. cxb6 Nxb6 20. e6 Qxf4 21. gxf4 Nxa4 22. exf7+ Bxf7 23. bxa4 c5 24. Ba3 Rac8 25. e3 Bh4 26. Re2 d4 27. exd4 cxd4 28. Rxc8 Rxc8 29. Bf1 Rd8 30. Rd2 Be1 31. Rd1 Bc3 32. Bb5 Bxa2 33. Be7 Rc8 34. Kh1 Bc4 35. Bd6 Bxb5 36. axb5 Rd8 37. Be5 Rd5 38. b6 Rb5 39. Bxd4 Bxd4 40. Rxd4 Rxb6 1/2-1/2

[Event "POL-ch (Women)"]
[Site "Poznan"]
[Date "2016.03.31"]
[Round "2"]
[White "Majdan, Joanna"]
[Black "Rajlich, Iweta"]
[Result "0-1"]
[WhiteElo "2380"]
[BlackElo "2389"]
[PlyCount "66"]
[EventDate "2016.03.30"]
[EventType "tourn"]
[EventRounds "9"]
[EventCountry "POL"]
[EventCategory "4"]
[SourceTitle "CBM 171 Extra"]
[Source "ChessBase"]
[SourceDate "2016.04.26"]
[SourceVersion "1"]
[SourceVersionDate "2016.04.26"]
[SourceQuality "1"]

1. e4 e6 2. d4 d5 3. Nc3 Bb4 4. exd5 exd5 5. Bd3 Nc6 6. a3 Be7 7. Be3 Bf6 8. Qh5 Be6 9. Nge2 g6 10. Qf3 Bg7 11. h3 Nf6 12. Nf4 0-0 13. 0-0-0 Ne7 14. g4 Qd7 15. Nxe6 fxe6 16. Qg2 b6 17. Be2 Rac8 18. h4 c5 19. h5 cxd4 20. Bxd4 Nc6 21. hxg6 Nxd4 22. Rxd4 hxg6 23. Rd3 Qc7 24. Kb1 Ne4 25. Qh3 Rxf2 26. Ka1 Qe5 27. Re3 Qf6 28. Rxe4 Rxc3 29. bxc3 Qxc3+ 30. Qxc3 Bxc3+ 31. Ka2 dxe4 32. Bc4 e3 33. Kb3 Bd2 0-1

[Event "POL-ch (Women)"]
[Site "Poznan"]
[Date "2016.03.30"]
[Round "1"]
[White "Rajlich, Iweta"]
[Black "Kulon, Klaudia"]
[Result "0-1"]
[WhiteElo "2389"]
[BlackElo "2298"]
[PlyCount "126"]
[EventDate "2016.03.30"]
[EventType "tourn"]
[EventRounds "9"]
[EventCountry "POL"]
[EventCategory "4"]
[SourceTitle "CBM 171 Extra"]
[Source "ChessBase"]
[SourceDate "2016.04.26"]
[SourceVersion "1"]
[SourceVersionDate "2016.04.26"]
[SourceQuality "1"]

1. d4 Nf6 2. Nf3 g6 3. g3 Bg7 4. Bg2 0-0 5. 0-0 d6 6. c4 Nc6 7. Nc3 Bf5 8. Bg5 Ne4 9. Nxe4 Bxe4 10. d5 Na5 11. b3 c5 12. Rc1 a6 13. Bh3 h6 14. Bd2 Bxf3 15. exf3 b5 16. Qe1 b4 17. Rb1 Nb7 18. Qc1 Kh7 19. Re1 a5 20. Qc2 Qe8 21. Qe4 Bf6 22. g4 a4 23. Bf1 axb3 24. axb3 Ra2 25. Bf4 Bc3 26. Re2 Rxe2 27. Bxe2 f5 28. gxf5 gxf5 29. Qc2 e5 30. dxe6 Qxe6 31. Kh1 Kh8 32. Rg1 Na5 33. Bd1 Nc6 34. Qd3 Bd4 35. Qd2 Kh7 36. Bg3 Qf6 37. Bc2 Ne7 38. Qe2 Ng6 39. f4 Qf7 40. Qf3 Qe6 41. Bd3 Rf7 42. h4 Bf6 43. h5 Ne7 44. Qa8 Rg7 45. Qf3 Kh8 46. Qd1 Nc6 47. Re1 Qd7 48. Qf3 Bc3 49. Re3 Bf6 50. Qd5 Nd4 51. Bf1 Qf7 52. Qxf7 Rxf7 53. Bg2 Ra7 54. Bd5 Re7 55. Rd3 Re1+ 56. Kg2 Kg7 57. Bf3 Rc1 58. Bd1 Kf7 59. Kf1 Nxb3 60. Rxd6 Nd4 61. Ke1 b3 62. Kd2 b2 63. Rd7+ Ke6 0-1

[Event "Budapest Sarkany GM 6th"]
[Site "Budapest"]
[Date "2015.08.23"]
[Round "9"]
[White "Rajlich, Iweta"]
[Black "Prasanna Raghuram, Rao"]
[Result "0-1"]
[WhiteElo "2392"]
[BlackElo "2424"]
[PlyCount "110"]
[EventDate "2015.08.15"]
[EventType "tourn"]
[EventRounds "9"]
[EventCountry "HUN"]
[EventCategory "10"]
[SourceTitle "EXT 2016"]
[Source "ChessBase"]
[SourceDate "2015.10.08"]
[SourceVersion "1"]
[SourceVersionDate "2015.10.08"]
[SourceQuality "1"]

1. d4 Nf6 2. Nf3 e6 3. g3 d5 4. Bg2 b5 5. 0-0 Bb7 6. b3 Nbd7 7. c4 bxc4 8. bxc4 dxc4 9. Qa4 c5 10. Bg5 Rc8 11. Nc3 Bc6 12. Qc2 Bxf3 13. Bxf3 cxd4 14. Nb5 Bc5 15. Bxf6 Qxf6 16. Bb7 Rd8 17. Nc7+ Kf8 18. Qxc4 g6 19. Na6 Be7 20. Rad1 Nb6 21. Qb3 Kg7 22. Rd3 Qe5 23. f4 Qa5 24. Rb1 Rd7 25. Bc6 Qxa6 26. Bxd7 Nxd7 27. Qb5 Qd6 28. Qc4 Nb6 29. Qa6 Qc7 30. Kf2 Rd8 31. a4 Rd7 32. Qb5 Nd5 33. Qb8 Bc5 34. Qxc7 Rxc7 35. Kf3 Bb6 36. a5 Bxa5 37. Rxd4 Rc3+ 38. Rd3 Rxd3+ 39. exd3 Bb4 40. Ra1 a5 41. Ke2 a4 42. Kd1 a3 43. Kc2 Kf6 44. Kb3 Kf5 45. Rc1 h5 46. Rc8 h4 47. Rh8 hxg3 48. hxg3 Be1 49. Rh7 f6 50. Rh3 Kg4 51. Rh6 Kxg3 52. Rxg6+ Kxf4 53. Rg8 Ke3 54. Kc4 f5 55. Re8 Nc7 0-1

[Event "Budapest Sarkany GM 6th"]
[Site "Budapest"]
[Date "2015.08.22"]
[Round "8"]
[White "Szabo, Gergely Andras"]
[Black "Rajlich, Iweta"]
[Result "1-0"]
[WhiteElo "2551"]
[BlackElo "2392"]
[PlyCount "81"]
[EventDate "2015.08.15"]
[EventType "tourn"]
[EventRounds "9"]
[EventCountry "HUN"]
[EventCategory "10"]
[SourceTitle "EXT 2016"]
[Source "ChessBase"]
[SourceDate "2015.10.08"]
[SourceVersion "1"]
[SourceVersionDate "2015.10.08"]
[SourceQuality "1"]

1. e4 e6 2. d4 d5 3. Nd2 Be7 4. Ngf3 Nf6 5. e5 Nfd7 6. Bd3 b6 7. 0-0 c5 8. c4 Bb7 9. cxd5 Bxd5 10. Be4 0-0 11. Bxd5 exd5 12. Qe2 Re8 13. Rd1 Nc6 14. Nb3 c4 15. Nbd2 b5 16. Nf1 Nf8 17. Ne3 Qd7 18. h4 Rad8 19. h5 f6 20. a4 bxa4 21. Bd2 h6 22. g4 Ne6 23. Nf5 Nexd4 24. N3xd4 Nxd4 25. Nxd4 fxe5 26. Nf5 Qb5 27. Qxe5 Bf8 28. Qc3 Re4 29. Qf3 Qxb2 30. Bc3 Qc2 31. Nd4 Rxg4+ 32. Qxg4 Qxc3 33. Rxa4 a5 34. Qf3 Qxf3 35. Nxf3 Bb4 36. Nd4 Kf7 37. Nc6 Rc8 38. Nxb4 axb4 39. Rxb4 c3 40. Kf1 Ke6 41. Ke2 1-0

[Event "Budapest Sarkany GM 6th"]
[Site "Budapest"]
[Date "2015.08.21"]
[Round "7"]
[White "Rajlich, Iweta"]
[Black "Nguyen, Huynh Minh Huy"]
[Result "1-0"]
[WhiteElo "2392"]
[BlackElo "2496"]
[PlyCount "47"]
[EventDate "2015.08.15"]
[EventType "tourn"]
[EventRounds "9"]
[EventCountry "HUN"]
[EventCategory "10"]
[SourceTitle "EXT 2016"]
[Source "ChessBase"]
[SourceDate "2015.10.08"]
[SourceVersion "1"]
[SourceVersionDate "2015.10.08"]
[SourceQuality "1"]

1. d4 d5 2. g3 c6 3. Bg2 Bg4 4. f3 Bf5 5. e4 Bg6 6. e5 e6 7. c3 c5 8. Be3 Nd7 9. Ne2 Ne7 10. 0-0 Nc6 11. Nd2 Qb6 12. b4 cxd4 13. Nxd4 Nxd4 14. Bxd4 Qc7 15. Qe2 Nb6 16. f4 h5 17. a4 Rc8 18. a5 Nc4 19. Nxc4 Qxc4 20. Qxc4 Rxc4 21. a6 bxa6 22. Rfd1 h4 23. Rxa6 hxg3 24. hxg3 1-0

[Event "Budapest Sarkany GM 6th"]
[Site "Budapest"]
[Date "2015.08.19"]
[Round "5"]
[White "Zhou, Yang Fan"]
[Black "Rajlich, Iweta"]
[Result "0-1"]
[WhiteElo "2473"]
[BlackElo "2392"]
[PlyCount "128"]
[EventDate "2015.08.15"]
[EventType "tourn"]
[EventRounds "9"]
[EventCountry "HUN"]
[EventCategory "10"]
[SourceTitle "EXT 2016"]
[Source "ChessBase"]
[SourceDate "2015.10.08"]
[SourceVersion "1"]
[SourceVersionDate "2015.10.08"]
[SourceQuality "1"]

1. e4 e6 2. d4 d5 3. Nd2 c5 4. exd5 exd5 5. Ngf3 Nf6 6. Bb5+ Bd7 7. Bxd7+ Nbxd7 8. 0-0 Be7 9. dxc5 Nxc5 10. Nb3 Nce4 11. Nfd4 Qd7 12. f3 Nd6 13. Nc5 Qc7 14. Nd3 0-0 15. Kh1 Rfe8 16. b3 Bd8 17. Bb2 Rc8 18. Re1 Rxe1+ 19. Qxe1 Qa5 20. Qg3 Bc7 21. Nc6 bxc6 22. Bxf6 Nf5 23. Qg5 d4 24. g4 h6 25. Qxf5 Qxf5 26. gxf5 gxf6 27. Re1 Kf8 28. Re4 Bb6 29. Nf4 Rd8 30. Kg2 Bc7 31. Nd3 Rd5 32. Rh4 Kg7 33. Rg4+ Kf8 34. Rh4 Kg7 35. Rh5 c5 36. f4 c4 37. bxc4 Ra5 38. Kf3 Rxa2 39. Ke4 Rxc2 40. Kxd4 a5 41. Rh3 a4 42. Nc5 Ra2 43. Na6 Bxf4 44. c5 Rxh2 45. Rf3 Be5+ 46. Kc4 h5 47. c6 h4 48. c7 Bxc7 49. Nxc7 Rc2+ 50. Kd5 Rxc7 51. Rf4 Ra7 52. Rxh4 a3 53. Rh1 a2 54. Ra1 Kh6 55. Ke4 Ra4+ 56. Kd3 Kg5 57. Kc3 Kxf5 58. Kb2 Rf4 59. Re1 Ra4 60. Ka1 Ra5 61. Rf1+ Ke6 62. Re1+ Kd6 63. Rd1+ Ke7 64. Re1+ Kf8 0-1

[Event "Budapest Sarkany GM 6th"]
[Site "Budapest"]
[Date "2015.08.18"]
[Round "4"]
[White "Rajlich, Iweta"]
[Black "Horvath, Csaba"]
[Result "1/2-1/2"]
[WhiteElo "2392"]
[BlackElo "2540"]
[PlyCount "52"]
[EventDate "2015.08.15"]
[EventType "tourn"]
[EventRounds "9"]
[EventCountry "HUN"]
[EventCategory "10"]
[SourceTitle "EXT 2016"]
[Source "ChessBase"]
[SourceDate "2015.10.08"]
[SourceVersion "1"]
[SourceVersionDate "2015.10.08"]
[SourceQuality "1"]

1. d4 d5 2. g3 Nf6 3. Bg2 c5 4. Nf3 cxd4 5. 0-0 h6 6. Nxd4 e5 7. Nb3 Nc6 8. c4 Be6 9. cxd5 Nxd5 10. Nc3 Nxc3 11. Bxc6+ bxc6 12. Qxd8+ Kxd8 13. bxc3 Kc7 14. f4 Bd6 15. fxe5 Bxe5 16. Bf4 Bxf4 17. Rxf4 Rhe8 18. Nc5 Kd6 19. Nxe6 Kxe6 20. Rd1 f6 21. Re4+ Kf5 22. Rf4+ Ke6 23. Kf2 Rad8 24. Re4+ Kf7 25. Red4 Rb8 26. Rb4 Rb5 1/2-1/2

[Event "Budapest Sarkany GM 6th"]
[Site "Budapest"]
[Date "2015.08.17"]
[Round "3"]
[White "Almasi, Istvan"]
[Black "Rajlich, Iweta"]
[Result "1/2-1/2"]
[WhiteElo "2405"]
[BlackElo "2392"]
[PlyCount "101"]
[EventDate "2015.08.15"]
[EventType "tourn"]
[EventRounds "9"]
[EventCountry "HUN"]
[EventCategory "10"]
[SourceTitle "EXT 2016"]
[Source "ChessBase"]
[SourceDate "2015.10.08"]
[SourceVersion "1"]
[SourceVersionDate "2015.10.08"]
[SourceQuality "1"]

1. Nf3 d5 2. d4 Nc6 3. Bf4 Bg4 4. e3 e6 5. Be2 Bd6 6. Bg3 Nf6 7. Nbd2 Bxg3 8. hxg3 Qd6 9. c4 Bxf3 10. Bxf3 0-0 11. 0-0 Ne7 12. c5 Qd7 13. Be2 Ng6 14. Bd3 a5 15. g4 Qe7 16. f4 Nd7 17. Qf3 c6 18. Qh3 f6 19. f5 exf5 20. Bxf5 Rfd8 21. g5 Ngf8 22. gxf6 Nxf6 23. Rae1 g6 24. Bd3 Qg7 25. e4 dxe4 26. Nxe4 Nxe4 27. Bc4+ Kh8 28. Rxe4 Rd7 29. Ref4 Re7 30. d5 g5 31. R4f2 cxd5 32. Bxd5 Rae8 33. Qc3 Ng6 34. Qxg7+ Kxg7 35. Rf7+ Kh6 36. Bxb7 Nf4 37. Rxe7 Rxe7 38. Bf3 Re5 39. c6 Rc5 40. Rd1 g4 41. Be4 Rc4 42. b3 Rc3 43. Rd2 g3 44. Bf3 Kg5 45. Kf1 Rc1+ 46. Rd1 Rc2 47. Rd7 Rc1+ 48. Rd1 Rc2 49. Rd7 Rc1+ 50. Rd1 Rc2 51. Rd7 1/2-1/2